00425nam a2200145Ia 4500008004100000041000800041082002300049100002000072245005200092250001100144260003300155300001400188650005200202700002500254260514s2023 xx 000 0 und d aeng a615.19/GUPbM-3437 aPROF. M.K.GUPTA aQUALITY ASSURANCE AND QUALITY MANAGEMENT SYSTEM a1st ed aPUNEbNIRALI PRAKASHANc2023 aP.B/14.18 aQUALITY ASSURANCE AND QUALITY MANAGEMENT SYSTEM aMS. DEEPIKA BAIRAGEE